=LDR 00000nam 2200000 4500 =001 INLIS000000000048559 =005 20161123082057.0 =006 =007 =008 =020 ##$$a 979-460-915-7 =035 ##$$0010-111600000000138 =040 ##$$a NBPDMAT =082 ##$$a 371.271 =090 ##$$a 371.271 $bDet d =245 ##$$a Detik-detik ujian nasional ekonomi untuk SMA/MA Program studi IPS $c / Editor Karmila, SE. [ et.al ] =260 ##$$a Klaten $b Intan Pariwara $c 2006 =300 ##$$a iv. 83 hlm. : $b ilus. ; $c 28 cm =650 ##$$a Pendidikan-Teknik-Evaluasi =700 ##$$a Karmila =850 ##$$a NBPDMAT =990 ##$$a 31600102